000 01802nam0a2200313 4500
001 RU\NLR\BIBL_A\022623092
005 20251202141453.0
010 _a978-5-7996-3957-0
_930
021 _aRU
_bКН-П-25-044383
_9КН-П-25-4315
035 _a(NLR Aleph) 022623092
090 _a13496732
_c13496732
100 _a20250916d2025 u y0rusy50 ca
101 0 _arus
102 _aRU
105 _aa j 000yy
181 0 _ai3
_baxxe
182 0 _an
200 1 _aМетоды звездной динамики
_eучебное пособие
_eдля студентов вуза, обучающихся по специальности 03.05.01 "Астрономия"
_fВ. М. Данилов, А. Ф. Селезнев
_gМинистерство науки и высшего образования Российской Федерации, Уральский федеральный университет имени первого Президента России Б. Н. Ельцина, [Институт естественных наук и математики]
203 _aТекст
_bвизуальный
_cнепосредственный
210 _aЕкатеринбург
_cИзд-во Уральского университета
_d2025
215 _a149, [1] с.
_cил., табл.
_d20
606 1 _aЗвездная динамика
_jУчебные издания для высших учебных заведений
_2nlr_sh1
_2nlr_sh2
_3RU\NLR\AUTH\66199178
686 1 _aВ672я73-1
700 1 _aДанилов
_bВ. М.
_cд-р физ.-мат. наук
_f1948-
_gВладимир Михайлович
_3RU\NLR\AUTH\7744789
701 1 _aСелезнев
_bА. Ф.
_gАнтон Федорович
942 _cBOOK
980 _aNB